[Event "XX C.to Italiano UISP A"]
[Site "Camaiore ITA"]
[Date "1999.12.??"]
[Round "5"]
[White "Campanile, Antonio"]
[Black "Adinolfi, Vincenzo"]
[Result "0-1"]
[WhiteElo "2156"]
[BlackElo "2187"]
[PlyCount "60"]
[EventDate "1999.12.04"]

1.c4 Nf6 2.Nc3 e6 3.e4 c5 4.e5 Ng8 5.Nf3 Nc6 6.d4 cxd4 7.Nb5 a6 8.Nbxd4 
Nxe5 9.Be2 Nxf3+ 10.Bxf3 Qc7 11.O-O Nf6 12.Qe2 Be7 13.b3 O-O 14.Nf5 Bd8 
15.Ng3 Rb8 16.Bb2 d6 17.Rac1 Bd7 18.Rfd1 Bc6 19.c5 Bxf3 20.gxf3 Nd5 21.
cxd6 Qd7 22.Bxg7 Kxg7 23.Qb2+ f6 24.Nh5+ Kh8 25.Kh1 Qf7 26.Rxd5 exd5 27.
Nf4 Rg8 28.Qd4 Qg7 29.Qxd5 Bb6 30.Rf1 Bxf2 0-1

[Event "XX C.to Italiano UISP A"]
[Site "Camaiore ITA"]
[Date "1999.12.??"]
[Round "5"]
[White "Caruso, Augusto"]
[Black "Sarno, Spartaco"]
[Result "0-1"]
[WhiteElo "2219"]
[BlackElo "2373"]
[PlyCount "52"]
[EventDate "1999.12.04"]

1.e4 d6 2.d4 Nf6 3.Nc3 g6 4.f4 Bg7 5.Nf3 O-O 6.Bd3 Na6 7.O-O c5 8.d5 Bg4 
9.Bc4 Nc7 10.a4 Nd7 11.h3 Bxf3 12.Qxf3 b6 13.Qd3 h6 14.Be3 Qc8 15.Rad1 Rb8
16.e5 Qb7 17.exd6 exd6 18.Ne4 b5 19.Ba2 c4 20.Qd2 Ne8 21.a5 Nef6 22.Nxd6 
Qc7 23.Qb4 Rfd8 24.f5 Bf8 25.Bf4 g5 26.Bh2 Ne8 0-1

[Event "XX C.to Italiano UISP A"]
[Site "Camaiore ITA"]
[Date "1999.12.??"]
[Round "5"]
[White "Cocchi, Andrea"]
[Black "Riccio, Eros"]
[Result "1-0"]
[WhiteElo "2250"]
[BlackElo "2096"]
[PlyCount "111"]
[EventDate "1999.12.04"]

1.Nf3 d5 2.b3 Nf6 3.Bb2 Bf5 4.e3 Nbd7 5.Be2 h6 6.O-O c6 7.d3 Qc7 8.c4 dxc4
9.bxc4 e5 10.e4 Bh7 11.Nbd2 Bd6 12.Qc2 b6 13.Qc3 O-O 14.Rfe1 Rfe8 15.Nf1 
Nc5 16.Qc2 Ne6 17.Ne3 Rad8 18.g3 Nd7 19.Rad1 Bb4 20.Rf1 Qd6 21.Nf5 Bxf5 
22.exf5 Nd4 23.Nxd4 exd4 24.Bf3 Re5 25.Be4 Nf6 26.f3 Ra5 27.Bc1 Nxe4 28.
fxe4 b5 29.Bf4 Qc5 30.Bc7 Re8 31.Bxa5 Bxa5 32.Rc1 Bc3 33.Qf2 Qa3 34.cxb5 
cxb5 35.f6 g6 36.Rc2 Qc5 37.Qf4 Kh7 38.Qg4 Re6 39.Rcf2 Qb4 40.Rf5 Bd2 41.
Rd5 Bg5 42.Rxg5 hxg5 43.Qh3+ Kg8 44.Qh6 Qf8 45.Qxg5 Qd8 46.e5 Qb8 47.Re1 
b4 48.Re4 a5 49.Rh4 Qf8 50.Rh3 Rc6 51.Qh4 Rc1+ 52.Kf2 Rc2+ 53.Ke1 Rc1+ 54.
Kd2 Rc2+ 55.Kxc2 Qc8+ 56.Kd1 1-0

[Event "XX C.to Italiano UISP A"]
[Site "Camaiore ITA"]
[Date "1999.12.??"]
[Round "5"]
[White "Gaiba, Paolo"]
[Black "Ferro, Mario"]
[Result "0-1"]
[WhiteElo "2149"]
[BlackElo "1807"]
[PlyCount "59"]
[EventDate "1999.12.04"]

1.e4 g6 2.Nc3 Bg7 3.Nf3 d6 4.Bc4 e5 5.d3 Nc6 6.Be3 Nd4 7.h3 Be6 8.Bb3 c6 
9.O-O Nxf3+ 10.Qxf3 Qe7 11.Qe2 g5 12.Bxe6 fxe6 13.Qh5+ Kd7 14.Bxg5 Nf6 15.
Qh4 Rag8 16.Kh1 Qf7 17.Rg1 Nh5 18.g4 h6 19.Be3 Nf4 20.f3 Bf6 21.Qg3 h5 22.
Bxf4 hxg4 23.fxg4 exf4 24.Qxf4 Qh7 25.Qf3 Be5 26.Rgf1 Qxh3+ 27.Qxh3 Rxh3+ 
28.Kg2 Rh2+ 29.Kf3 Rgh8 30.Rf2 0-1

[Event "XX C.to Italiano UISP A"]
[Site "Camaiore ITA"]
[Date "1999.12.??"]
[Round "5"]
[White "Gazzarri, Alberto"]
[Black "Gardon, Ermanno"]
[Result "1-0"]
[WhiteElo "2210"]
[BlackElo "2130"]
[PlyCount "51"]
[EventDate "1999.12.04"]

1.e4 e6 2.d4 c5 3.c3 d5 4.e5 Nc6 5.Nf3 Nge7 6.Be2 cxd4 7.cxd4 Nf5 8.Nc3 
Qb6 9.Na4 Qa5+ 10.Bd2 Bb4 11.Bc3 Bd7 12.a3 Bxc3+ 13.Nxc3 Qb6 14.Na4 Qd8 
15.O-O a5 16.Kh1 O-O 17.g4 Nh6 18.Rg1 Kh8 19.Nc5 Rc8 20.Qd2 Qc7 21.Rac1 
Rcd8 22.Nd3 Qb6 23.Nf4 Ng8 24.Rg3 f6 25.Rh3 fxe5 26.Ng6# 1-0

[Event "XX C.to Italiano UISP A"]
[Site "Camaiore ITA"]
[Date "1999.12.??"]
[Round "5"]
[White "Lucaroni, Massimiliano"]
[Black "Scalcione, Michelangelo"]
[Result "1/2-1/2"]
[WhiteElo "2275"]
[BlackElo "2177"]
[PlyCount "34"]
[EventDate "1999.12.04"]

1.e4 e5 2.Bc4 Nf6 3.d3 Bc5 4.Nc3 c6 5.Bb3 b5 6.f4 d6 7.Nf3 a5 8.a3 O-O 9.
f5 d5 10.Qe2 dxe4 11.dxe4 Ba6 12.Nd1 Nbd7 13.g4 b4 14.Qg2 Nxe4 15.g5 a4 
16.Bxa4 bxa3 17.Bxc6 Nd6 1/2-1/2

[Event "XX C.to Italiano UISP A"]
[Site "Camaiore ITA"]
[Date "1999.12.??"]
[Round "5"]
[White "Paganelli, Roberto"]
[Black "Mazzilli, Piero"]
[Result "0-1"]
[WhiteElo "1912"]
[BlackElo "2131"]
[PlyCount "64"]
[EventDate "1999.12.04"]

1.e4 c5 2.Nf3 d6 3.d4 cxd4 4.Nxd4 Nf6 5.Nc3 a6 6.Bg5 e6 7.f4 h6 8.Bh4 Be7 
9.Bf2 b5 10.a3 Bb7 11.Bd3 Nbd7 12.O-O Rc8 13.Qe2 Nc5 14.Rae1 O-O 15.g4 d5 
16.e5 Nfe4 17.Bxe4 Nxe4 18.Nxe4 dxe4 19.Be3 Bd5 20.b3 Bxa3 21.Rd1 Qc7 22.
Rf2 Rfd8 23.h4 Bb7 24.g5 hxg5 25.hxg5 g6 26.Rh2 Qc3 27.Qf2 Bf8 28.Rf1 Rc7 
29.f5 exf5 30.e6 Bc5 31.exf7+ Rxf7 32.Nxb5 Qxe3 0-1

[Event "XX C.to Italiano UISP A"]
[Site "Camaiore ITA"]
[Date "1999.12.??"]
[Round "5"]
[White "Pieraccini, Carlo Alberto"]
[Black "Prelati, Maurizio"]
[Result "1-0"]
[WhiteElo "1733"]
[BlackElo "2129"]
[PlyCount "155"]
[EventDate "1999.12.04"]

1.d4 Nf6 2.Nf3 g6 3.Bg5 Bg7 4.c3 O-O 5.Nbd2 d6 6.e3 c5 7.Bxf6 exf6 8.dxc5 
dxc5 9.Ne4 Qe7 10.Ng3 Nc6 11.Qc2 b6 12.Be2 Bb7 13.O-O Ne5 14.Nxe5 fxe5 15.
Rad1 h5 16.Bb5 Rfd8 17.Rxd8+ Rxd8 18.Rd1 h4 19.Nf1 Rxd1 20.Qxd1 Qg5 21.f3 
Bh6 22.Bc4 Qe7 23.e4 Bg5 24.Qd3 Kg7 25.Kf2 Bc6 26.Bd5 Qd7 27.b3 f5 28.c4 
fxe4 29.Qxe4 Bxd5 30.Qxe5+ Bf6 31.Qxd5 Qxd5 32.cxd5 Bd4+ 33.Ke2 Kf6 34.f4 
Kf5 35.Kf3 b5 36.g4+ hxg3 37.hxg3 c4 38.g4+ Kf6 39.bxc4 bxc4 40.Ne3 c3 41.
Nc2 Bb6 42.Ke4 Bc7 43.g5+ Ke7 44.f5 Kf7 45.fxg6+ Kxg6 46.Kd4 Ba5 47.Kd3 
Kxg5 48.Nd4 Bb4 49.Nc2 Ba5 50.a3 Kf6 51.Nd4 Bb6 52.Nc6 Kf7 53.Kxc3 Ke8 54.
a4 Kd7 55.Kc4 Kd6 56.a5 Bf2 57.a6 Bg1 58.Na5 Bf2 59.Nb7+ Kd7 60.Nc5+ Kc7 
61.Kb5 Bg1 62.Nb7 Bh2 63.Kc5 Bg1+ 64.Kb5 Bh2 65.Na5 Kd7 66.Nc6 Bg1 67.Kc4 
Bf2 68.Nd4 Kc7 69.Nc2 Kb6 70.Nb4 Be1 71.Nd3 Bg3 72.Nc5 Bf2 73.Ne4 Bh4 74.
Kd4 Kxa6 75.Kc5 Kb7 76.d6 Kc8 77.Kc6 a5 78.Nc5 1-0

[Event "XX C.to Italiano UISP A"]
[Site "Camaiore ITA"]
[Date "1999.12.??"]
[Round "5"]
[White "Pipitone, Antonio"]
[Black "Farina, Saverio"]
[Result "1-0"]
[WhiteElo "2063"]
[BlackElo "2142"]
[PlyCount "111"]
[EventDate "1999.12.04"]

1.e4 e6 2.d4 d5 3.exd5 exd5 4.Nf3 c5 5.Nc3 Nc6 6.Be2 Nf6 7.Bg5 Be7 8.O-O 
O-O 9.h3 Be6 10.a3 Ne4 11.Bxe7 Qxe7 12.Re1 Qf6 13.Bd3 Ng5 14.dxc5 Nxf3+ 
15.Qxf3 Qxf3 16.gxf3 Nd4 17.Kg2 Rac8 18.Rad1 Rfe8 19.Nb5 Nxb5 20.Bxb5 Red8
21.b4 Kf8 22.Rd2 Ke7 23.Ba4 Kf6 24.Kg3 g5 25.Rd4 Rg8 26.Bb3 b6 27.cxb6 
axb6 28.Bxd5 Bf5 29.c4 Rg6 30.Be4 Bxe4 31.fxe4 Ke7 32.e5 h5 33.f4 h4+ 34.
Kf3 gxf4 35.Kxf4 Rg3 36.Re3 Rcg8 37.Rdd3 Rg1 38.c5 bxc5 39.bxc5 Rc1 40.Rc3
Rf1+ 41.Ke4 Kd7 42.Rf3 Re1+ 43.Rce3 Rc1 44.Rxf7+ Kc6 45.Ref3 Rc4+ 46.Kf5 
Rxc5 47.Kf6 Kd5 48.e6 Rc6 49.Rf5+ Ke4 50.Rh5 Re8 51.Re7 Rf8+ 52.Kg7 Rf4 
53.Rh6 Rc3 54.Rf7 Rc6 55.Rxf4+ Kxf4 56.Rf6+ 1-0

[Event "XX C.to Italiano UISP A"]
[Site "Camaiore ITA"]
[Date "1999.12.??"]
[Round "5"]
[White "Tomescu, Vlad"]
[Black "Luciani, Valerio"]
[Result "1-0"]
[WhiteElo "2453"]
[BlackElo "2229"]
[PlyCount "145"]
[EventDate "1999.12.04"]

1.e4 e6 2.d4 d5 3.Nd2 c5 4.exd5 exd5 5.Ngf3 Nc6 6.dxc5 Bxc5 7.Nb3 Bd6 8.
Bg5 Nge7 9.Bh4 Bf5 10.Bd3 Qd7 11.Bg3 Bxg3 12.hxg3 O-O 13.O-O Rad8 14.c3 
Qc7 15.Re1 Qb6 16.Qc2 Bxd3 17.Qxd3 Ng6 18.Re2 Na5 19.Nxa5 Qxa5 20.a3 Qb6 
21.Rae1 a6 22.Qd4 Qb5 23.Qb4 Qd7 24.Ne5 Nxe5 25.Rxe5 Qc6 26.Qd4 Qb5 27.
R1e2 g6 28.f4 f6 29.Re7 Rf7 30.R2e6 Rxe7 31.Rxe7 Qc6 32.Kh2 Rf8 33.Qe3 Rf7
34.Re6 Qd7 35.Qb6 Kg7 36.Qd6 Qb5 37.Qb6 Qd7 38.Qe3 Kg8 39.g4 Qc7 40.Kh3 
Kg7 41.f5 g5 42.Qd4 Qd7 43.Qc5 Qa4 44.Re7 Qc6 45.Qxc6 bxc6 46.Re6 Rb7 47.
b4 Rb6 48.Kg3 a5 49.Rd6 axb4 50.axb4 Ra6 51.Kf2 Ra2+ 52.Kf3 Ra3 53.Rxc6 d4
54.Ke4 dxc3 55.Kd3 Rb3 56.Rc4 Kf7 57.Kc2 Rb2+ 58.Kxc3 Rxg2 59.b5 Rg3+ 60.
Kb4 Rg1 61.Kc5 h5 62.gxh5 Rf1 63.b6 Rxf5+ 64.Kc6 Rf1 65.b7 Rb1 66.Kc7 Kg7 
67.Rc6 Rxb7+ 68.Kxb7 Kh6 69.Rxf6+ Kxh5 70.Kc6 g4 71.Kd5 Kh4 72.Ke4 g3 73.
Rf8 1-0

[Event "XX C.to Italiano UISP A"]
[Site "Camaiore ITA"]
[Date "1999.12.??"]
[Round "5"]
[White "Unterthurner, Hans"]
[Black "Ottavi, Marco"]
[Result "0-1"]
[WhiteElo "1863"]
[BlackElo "1924"]
[PlyCount "56"]
[EventDate "1999.12.04"]

1.e4 e6 2.d4 d5 3.Nc3 Bb4 4.e5 c5 5.a3 Bxc3+ 6.bxc3 Ne7 7.Nf3 Qa5 8.Bd2 
Nbc6 9.Bd3 c4 10.Bf1 Bd7 11.g3 f6 12.exf6 gxf6 13.Bh3 O-O-O 14.Nh4 Ng6 15.
Qh5 Rde8 16.Kd1 Qb6 17.Kc1 Nxd4 18.Rb1 Nb3+ 19.cxb3 cxb3 20.Be3 Qc6 21.Kb2
Ne5 22.Bg4 Nd3+ 23.Kxb3 Qc4+ 24.Kc2 Ba4+ 25.Kd2 Qa2+ 26.Kxd3 Qc2+ 27.Kd4 
Qe4+ 28.Kc5 Qc4+ 0-1

[Event "XX C.to Italiano UISP A"]
[Site "Camaiore ITA"]
[Date "1999.12.??"]
[Round "5"]
[White "Vezzosi, Paolo"]
[Black "Nelli, Luca"]
[Result "1/2-1/2"]
[WhiteElo "2329"]
[BlackElo "1882"]
[PlyCount "91"]
[EventDate "1999.12.04"]

1.d4 Nf6 2.c4 c5 3.d5 b5 4.cxb5 a6 5.b6 Qxb6 6.Nc3 d6 7.Nf3 g6 8.Nd2 Bg7 
9.e4 O-O 10.Be2 Qb7 11.O-O Ne8 12.Nc4 h6 13.Be3 Kh7 14.Qd2 Nd7 15.Rab1 a5 
16.f4 Nc7 17.f5 Ne8 18.Bd3 Nef6 19.Qe2 Qb8 20.e5 dxe5 21.fxg6+ fxg6 22.Qc2
e4 23.Nxe4 Nxd5 24.Rxf8 Nxf8 25.Bxc5 Nb4 26.Bxb4 axb4 27.a3 bxa3 28.bxa3 
Qa7+ 29.Kh1 Be6 30.h4 Rc8 31.h5 Qd4 32.hxg6+ Kh8 33.Rb4 Nxg6 34.g3 Bd5 35.
Qe2 Bxc4 36.Rxc4 Rxc4 37.Bxc4 Qa1+ 38.Kg2 Qxa3 39.Ng5 Qb2 40.Nf7+ Kh7 41.
Qxb2 Bxb2 42.Kf3 Be5 43.Bd3 Bc7 44.Nh8 Kxh8 45.Bxg6 Kg7 46.Be4 1/2-1/2

[Event "XX C.to Italiano UISP A"]
[Site "Camaiore ITA"]
[Date "1999.12.??"]
[Round "6"]
[White "Ferro, Mario"]
[Black "Vezzosi, Paolo"]
[Result "0-1"]
[WhiteElo "1807"]
[BlackElo "2329"]
[PlyCount "80"]
[EventDate "1999.12.04"]

1.Nf3 g6 2.g3 Bg7 3.Bg2 e5 4.d3 d6 5.c4 Ne7 6.Nc3 O-O 7.O-O Nd7 8.Nd5 Nf5 
9.Rb1 a5 10.b3 c6 11.Ne3 Ne7 12.Ba3 c5 13.Ng5 Nb6 14.Ne4 Be6 15.Bxc5 dxc5 
16.Nxc5 Qc7 17.Nxb7 Ra7 18.c5 Nbd5 19.b4 Rxb7 20.Nxd5 Bxd5 21.e4 Bc6 22.a3
Rd8 23.f4 axb4 24.axb4 Bb5 25.Rf3 Nc6 26.f5 Nd4 27.Rf2 f6 28.Qg4 gxf5 29.
exf5 Bc6 30.h4 Kh8 31.Ra2 Bxg2 32.Kxg2 Rdb8 33.Qh5 Qc6+ 34.Kh2 Nf3+ 35.Kh3
Rxb4 36.Rxb4 Rxb4 37.Qf7 Rb8 38.Kg4 Nd4 39.Ra7 Qf3+ 40.Kh3 Qxf5+ 0-1

[Event "XX C.to Italiano UISP A"]
[Site "Camaiore ITA"]
[Date "1999.12.??"]
[Round "6"]
[White "Mazzilli, Piero"]
[Black "Beggi, Pierluigi"]
[Result "0-1"]
[WhiteElo "2131"]
[BlackElo "2170"]
[PlyCount "50"]
[EventDate "1999.12.04"]

1.e4 c5 2.c3 d5 3.exd5 Qxd5 4.d4 cxd4 5.cxd4 Nc6 6.Nf3 e5 7.Nc3 Bb4 8.Bd2 
Bxc3 9.Bxc3 e4 10.Nd2 Nf6 11.Bc4 Qg5 12.d5 Qxg2 13.Rf1 Bg4 14.Qa4 e3 15.
fxe3 Nxd5 16.Rf2 Qg1+ 17.Nf1 O-O-O 18.Ba6 Rd6 19.Rxf7 bxa6 20.Qxa6+ Kd8 
21.Rxa7 Rf8 22.Ra8+ Ke7 23.Rxf8 Kxf8 24.Qa3 Ke7 25.Bxg7 Ndb4 0-1

[Event "XX C.to Italiano UISP A"]
[Site "Camaiore ITA"]
[Date "1999.12.??"]
[Round "6"]
[White "Pieraccini, Carlo Alberto"]
[Black "Unterthurner, Hans"]
[Result "0-1"]
[WhiteElo "1733"]
[BlackElo "1863"]
[PlyCount "80"]
[EventDate "1999.12.04"]

1.d4 Nf6 2.Nf3 g6 3.Bg5 Bg7 4.Nbd2 d6 5.e3 Nbd7 6.Bc4 O-O 7.O-O c6 8.c3 
Qc7 9.h3 e5 10.dxe5 dxe5 11.Qc2 Nc5 12.b4 Bf5 13.Qc1 Nce4 14.g4 Bd7 15.Bh4
Nxd2 16.Nxd2 Nd5 17.Qc2 Kh8 18.Rad1 f5 19.g5 f4 20.e4 Nb6 21.Kh2 Nxc4 22.
Nxc4 Be6 23.Nd2 Qc8 24.Qd3 f3 25.Nxf3 Bxh3 26.Rd2 Qg4 27.Rg1 Rxf3 28.Rxg4 
Rxd3 29.Rxd3 Bxg4 30.f3 Be6 31.Rd6 Re8 32.Bg3 Kg8 33.a4 Kf7 34.Bf2 Ke7 35.
Rd2 a6 36.Bc5+ Kf7 37.b5 axb5 38.axb5 Bf8 39.Bb6 cxb5 40.Bc7 Bc4 0-1

[Event "XX C.to Italiano UISP A"]
[Site "Camaiore ITA"]
[Date "1999.12.??"]
[Round "6"]
[White "Sarno, Spartaco"]
[Black "Cocchi, Andrea"]
[Result "1-0"]
[WhiteElo "2373"]
[BlackElo "2250"]
[PlyCount "76"]
[EventDate "1999.12.04"]

1.c4 d6 2.Nc3 g5 3.d4 h6 4.e4 Bg7 5.Be3 Nc6 6.Nge2 Nf6 7.f3 Bd7 8.Qd2 a6 
9.h4 g4 10.h5 Na5 11.Nc1 b6 12.b4 Nc6 13.d5 Ne5 14.f4 Nxc4 15.Bxc4 Nxe4 
16.Nxe4 Bxa1 17.O-O Bb5 18.Qe2 Qd7 19.Nb3 Bg7 20.Bd4 O-O 21.Bxg7 Bxc4 22.
Qxc4 Kxg7 23.Nd4 Kh8 24.Qc3 f6 25.Ng3 Rg8 26.Re1 c5 27.dxc6 Qe8 28.Re6 Rc8
29.a4 b5 30.a5 Rc7 31.Kh2 Qf7 32.Qc2 Rgc8 33.Qe4 Qh7 34.Qxh7+ Kxh7 35.Ngf5
Re8 36.Kg3 Kg8 37.Nxd6 Rd8 38.N6f5 Rd5 1-0

[Event "XX C.to Italiano UISP A"]
[Site "Camaiore ITA"]
[Date "1999.12.??"]
[Round "6"]
[White "Scalcione, Michelangelo"]
[Black "Luciani, Valerio"]
[Result "1-0"]
[WhiteElo "2177"]
[BlackElo "2229"]
[PlyCount "53"]
[EventDate "1999.12.04"]

1.Nf3 f5 2.c4 Nf6 3.g3 g6 4.Bg2 Bg7 5.O-O O-O 6.Nc3 d6 7.d4 c6 8.Rb1 Nh5 
9.b4 e5 10.dxe5 dxe5 11.Qb3 h6 12.c5+ Kh7 13.Rd1 Qe7 14.Rd6 e4 15.Nh4 Rf6 
16.g4 Rxd6 17.cxd6 Qxh4 18.gxh5 Qf6 19.hxg6+ Kxg6 20.Bb2 Qxd6 21.Nxe4 Qd7 
22.Qg3+ Kh7 23.Bxg7 Qxg7 24.Qxg7+ Kxg7 25.Nd6 Na6 26.b5 cxb5 27.Nxc8 1-0

[Event "VIII Festival B"]
[Site "Montecatini Terme ITA"]
[Date "1999.08.02"]
[Round "3"]
[White "Pinotti, Claudio"]
[Black "Turturici, Pellegrino"]
[Result "0-1"]
[WhiteElo "1738"]
[BlackElo "1707"]
[PlyCount "38"]
[EventDate "1999.07.31"]

1.e4 d6 2.d4 Nf6 3.Nc3 g6 4.Bf4 Bg7 5.Qd2 O-O 6.Nf3 c6 7.h3 Nbd7 8.O-O-O 
b5 9.Bd3 Qa5 10.Kb1 Rb8 11.e5 b4 12.Ne2 Nd5 13.Ka1 Nxf4 14.Qxf4 dxe5 15.
dxe5 Nxe5 16.Ned4 Bb7 17.Nb3 Nxd3 18.Qxb8 Qa3 19.Qxf8+ Kxf8 0-1

[Event "VIII Festival B"]
[Site "Montecatini Terme ITA"]
[Date "1999.08.05"]
[Round "6"]
[White "Mircoli, Gianluca"]
[Black "Fuggetta, Leonardo"]
[Result "0-1"]
[WhiteElo "1804"]
[BlackElo "2039"]
[PlyCount "56"]
[EventDate "1999.07.31"]

1. d4 g6 2. Nf3 Bg7 3. Bg5 c5 4. e3 Nf6 5. c3 O-O 6. Bd3 d6 7. Qc2 Nc6 8. Nbd2
e5 9. dxe5 Nxe5 10. Nxe5 dxe5 11. h4 h5 12. O-O-O Qb6 13. Nc4 Qe6 14. Kb1 e4
15. Be2 Nd5 16. Nd2 Qc6 17. Nxe4 c4 18. Nd2 Be6 19. Bxc4 Nxc3+ 20. bxc3 Bxc4
21. Nxc4 Qxc4 22. Rd3 Rfc8 23. Rc1 Rc6 24. Qd2 Rac8 25. Rd8+ Rxd8 26. Bxd8 Bxc3
27. Qc2 Rc5 28. Bf6 Rb5+ 0-1

[Event "IV Weekend Sestri Ponente Gennaio"]
[Site "Genova ITA"]
[Date "1999.01.??"]
[Round "?"]
[White "Strazzeri, Marco"]
[Black "Lettich, Sergio"]
[Result "1/2-1/2"]
[WhiteElo "1531"]
[BlackElo "2197"]
[PlyCount "71"]
[EventDate "1999.01.09"]

1. e4 c5 2. c3 d5 3. exd5 Qxd5 4. d4 Nf6 5. Nf3 e6 6. Na3 a6 7. Nc4 Nbd7 8. Be2
Be7 9. O-O O-O 10. Bg5 b5 11. Ne3 Qd6 12. Qc2 Bb7 13. Rad1 c4 14. Nd2 Rac8 15.
a4 Nb6 16. axb5 axb5 17. Ra1 Ra8 18. Bf3 Bxf3 19. Nxf3 Nbd5 20. Nxd5 Nxd5 21.
Bxe7 Qxe7 22. Ne5 Qb7 23. b3 cxb3 24. Qxb3 Rfc8 25. Rxa8 Rxa8 26. h3 h6 27. Rb1
Qc7 28. Qxb5 Nxc3 29. Qb7 Rc8 30. Qxc7 Rxc7 31. Rb8+ Kh7 32. Kf1 Ra7 33. f3 f6
34. Nc6 Rc7 35. Nd8 Re7 36. Nc6 1/2-1/2

[Event "II Weekend A Primavera"]
[Site "Genova ITA"]
[Date "1999.03.13"]
[Round "2"]
[White "Massa, Giovanni"]
[Black "Araniti, Michelangelo"]
[Result "1-0"]
[WhiteElo "1953"]
[BlackElo "1678"]
[PlyCount "57"]
[EventDate "1999.03.12"]

1. e4 g6 2. d4 Bg7 3. Nc3 e6 4. Nf3 Ne7 5. Bd3 b6 6. Qe2 a5 7. O-O Ba6 8. Re1
Bxd3 9. Qxd3 O-O 10. Ne2 d5 11. e5 c5 12. c3 Nbc6 13. h4 cxd4 14. cxd4 Nb4 15.
Qd1 Qc7 16. Bg5 Rfc8 17. Qd2 Qd8 18. Nc3 Qe8 19. a3 Na6 20. h5 gxh5 21. Bf6 h6
22. Ne2 Nf5 23. Bxg7 Kxg7 24. Nf4 h4 25. Nh5+ Kh8 26. Nxh4 Qf8 27. Nxf5 exf5
28. Re3 Nc7 29. Rh3 1-0

[Event "II Weekend A Primavera"]
[Site "Genova ITA"]
[Date "1999.03.14"]
[Round "4"]
[White "Di Paolo, Raffaele"]
[Black "Vujovic, Milorad"]
[Result "1-0"]
[WhiteElo "2283"]
[BlackElo "2306"]
[PlyCount "61"]
[EventDate "1999.03.12"]

1. e4 c5 2. Nf3 d6 3. d4 cxd4 4. Nxd4 Nf6 5. Nc3 e6 6. f4 a6 7. Bd3 Nbd7 8. Nf3
Qc7 9. O-O Be7 10. Qe1 e5 11. Kh1 exf4 12. Bxf4 Ne5 13. Bxe5 dxe5 14. Qg3 O-O
15. Qxe5 Bd6 16. Qg5 h6 17. Qh4 Be6 18. Rae1 Bb4 19. e5 Bxc3 20. bxc3 Nd5 21.
Qe4 g6 22. Nd4 Qe7 23. c4 Nb4 24. Rf6 Bd7 25. Qh4 Nxd3 26. cxd3 Rae8 27. e6 Qb4
28. Nc2 Qa4 29. exd7 Rxe1+ 30. Nxe1 Qxd7 31. Rf1 {...} 1-0

[Event "C.to Provinciale CA"]
[Site "Sinnai ITA"]
[Date "1999.01.??"]
[Round "?"]
[White "Loche, Roberto"]
[Black "Carcangiu, Vittorio"]
[Result "1-0"]
[WhiteElo "1861"]
[BlackElo "1708"]
[PlyCount "63"]
[EventDate "1999.01.16"]

1. d4 Nf6 2. Bg5 e6 3. e4 d6 4. Nc3 Be7 5. Qd2 Nbd7 6. O-O-O b6 7. Kb1 Bb7 8.
d5 O-O 9. h4 a5 10. Nge2 b5 11. dxe6 b4 12. Nd5 fxe6 13. Nxe7+ Qxe7 14. f3 Rfb8
15. Nd4 Kh8 16. Bc4 d5 17. exd5 exd5 18. Rhe1 Qf7 19. Bb5 Nb6 20. Nc6 Rc8 21.
Qd4 Ng8 22. g4 Ba6 23. Ne5 Qf8 24. Bc6 Rab8 25. h5 b3 26. axb3 a4 27. h6 Nf6
28. Ng6+ hxg6 29. hxg7+ Kxg7 30. Bxf6+ Kg8 31. Re7 axb3 32. Bxd5+ 1-0

[Event "XIV Coppa Europa a squadre ICSC"]
[Site "Budapest HUN"]
[Date "1999.04.04"]
[Round "7"]
[White "Ryvova, Anna"]
[Black "Pasquotto, Mirko"]
[Result "1-0"]
[WhiteElo "2012"]
[BlackElo "1500"]
[PlyCount "63"]
[EventDate "1999.04.01"]

1. e4 c6 2. d4 d5 3. e5 Bf5 4. h4 h6 5. g4 Be4 6. f3 Bh7 7. e6 Qc8 8. exf7+
Kxf7 9. Bd3 Qe6+ 10. Kf2 Bxd3 11. Qxd3 Nd7 12. Ne2 Qg6 13. Qc3 e6 14. Bf4 Be7
15. Bg3 Ngf6 16. Nd2 Ne8 17. Nf4 Qf6 18. Rae1 Nc7 19. Nh5 Nb5 20. Nxf6 Nxc3 21.
Nxd7 Nb5 22. Ne5+ Kf6 23. c3 Bd6 24. g5+ hxg5 25. hxg5+ Kf5 26. Kg2 Bxe5 27.
Rxe5+ Kg6 28. Rxe6+ Kf7 29. Rxh8 Rxh8 30. Re1 Re8 31. Rxe8 Kxe8 32. a4 1-0

[Event "XVIII Corsicoscacchi B"]
[Site "Corsico ITA"]
[Date "1999.04.30"]
[Round "2"]
[White "Cucoch, Marisa"]
[Black "Saccani, Ettore"]
[Result "0-1"]
[WhiteElo "1338"]
[BlackElo "1600"]
[PlyCount "106"]
[EventDate "1999.04.30"]

1. e4 e6 2. d4 d5 3. Nd2 Nf6 4. Bd3 c5 5. dxc5 Bxc5 6. e5 Nfd7 7. Ngf3 Nc6 8.
Qe2 Nd4 9. Nxd4 Bxd4 10. Nf3 Bb6 11. c3 Nc5 12. a4 Nxd3+ 13. Qxd3 Bd7 14. Bg5
Qc7 15. O-O h6 16. Bf4 g5 17. Bg3 O-O-O 18. b3 a6 19. Rfc1 Kb8 20. Nd4 h5 21.
h3 h4 22. Bh2 Rc8 23. Qd2 Qd8 24. Nf3 Rg8 25. Rc2 Bc6 26. Rca2 d4 27. Nxd4 Bxd4
28. Qxd4 Qc7 29. Qd6 Qxd6 30. exd6 g4 31. d7+ Rc7 32. Bxc7+ Kxc7 33. d8=Q+ Kxd8
34. Rd2+ Kc7 35. hxg4 Rxg4 36. f4 Rxf4 37. Rf1 Rg4 38. Rxf7+ Kb8 39. Rh7 e5 40.
a5 e4 41. c4 e3 42. Rb2 Bf3 43. Kh2 e2 44. Re7 Rxg2+ 45. Kh3 e1=Q 46. Rxe1 Rxb2
47. Kxh4 Rxb3 48. Re5 Bc6 49. Kg5 Rd3 50. Kf6 Kc7 51. Re7+ Kd6 52. Re1 Rd4 53.
Rc1 Kc5 0-1

[Event "XVIII Corsicoscacchi B"]
[Site "Corsico ITA"]
[Date "1999.05.02"]
[Round "5"]
[White "Saccani, Ettore"]
[Black "Navacchia, Andrea"]
[Result "1/2-1/2"]
[WhiteElo "1600"]
[BlackElo "1579"]
[PlyCount "36"]
[EventDate "1999.04.30"]

1. e4 Nf6 2. Nc3 d6 3. d4 c6 4. Nf3 Bg4 5. Bc4 d5 6. exd5 cxd5 7. Bb5+ Bd7 8.
Bxd7+ Nbxd7 9. O-O e6 10. Bg5 Be7 11. Re1 O-O 12. Qd3 a6 13. Ne2 Ne4 14. Bxe7
Qxe7 15. c4 Nef6 16. Rac1 dxc4 17. Rxc4 Rac8 18. Ng3 Qd6 1/2-1/2

[Event "XVIII Corsicoscacchi B"]
[Site "Corsico ITA"]
[Date "1999.05.02"]
[Round "6"]
[White "Scharrer, Patrick"]
[Black "Saccani, Ettore"]
[Result "1-0"]
[WhiteElo "1494"]
[BlackElo "1600"]
[PlyCount "85"]
[EventDate "1999.04.30"]

1. Nf3 e6 2. g3 Nf6 3. Bg2 d5 4. O-O c5 5. d3 Be7 6. Nbd2 O-O 7. e4 Nc6 8. e5
Nd7 9. Re1 f6 10. exf6 Nxf6 11. Nf1 Qc7 12. Bf4 Bd6 13. Bxd6 Qxd6 14. Qe2 Bd7
15. Ne5 Nxe5 16. Qxe5 Qxe5 17. Rxe5 Rae8 18. Rae1 Ng4 19. R5e2 Nh6 20. Nd2 Nf5
21. Nf3 Re7 22. Re5 Rfe8 23. Bh3 Kf8 24. Ng5 Nd4 25. c3 Nc6 26. R5e2 h6 27. Nf3
b6 28. Re3 Bc8 29. Nh4 Kf7 30. Rf3+ Kg8 31. Ng6 Rf7 32. Rfe3 Rf6 33. Nf4 Kf7
34. Kg2 d4 35. R3e2 e5 36. Bxc8 Rxc8 37. Nd5 Re6 38. c4 Rce8 39. f4 Rg6 40.
fxe5 Rg5 41. e6+ Kf8 42. e7+ Kg8 43. Nc7 1-0

[Event "I Festival B"]
[Site "Gubbio ITA"]
[Date "1999.07.28"]
[Round "1"]
[White "Celestini, Mauro"]
[Black "Todic, Simo"]
[Result "0-1"]
[WhiteElo "1567"]
[BlackElo "1699"]
[PlyCount "82"]
[EventDate "1999.07.28"]

1. d4 d5 2. c4 dxc4 3. Nc3 c6 4. e4 b5 5. a3 e6 6. Nf3 Bb7 7. Be2 Nf6 8. Bg5
Be7 9. O-O Nbd7 10. Nd2 a6 11. e5 Nd5 12. Bxe7 Qxe7 13. Nde4 O-O 14. Nxd5 exd5
15. Nd6 Nb6 16. f4 Nc8 17. Nxb7 Qxb7 18. Rc1 Qe7 19. Bf3 Nb6 20. f5 c5 21. Qd2
Rfe8 22. e6 fxe6 23. fxe6 cxd4 24. Qxd4 Qxe6 25. Rce1 Qd6 26. Rd1 Re5 27. Rf2
Rae8 28. Rdf1 Nd7 29. Rd1 Nf6 30. Rfd2 Re1+ 31. Rxe1 Rxe1+ 32. Kf2 Re5 33. Kg1
Qe6 34. Kf2 Qf5 35. g4 Qg5 36. Kg3 Nh5+ 37. Kh3 Nf6 38. Rd1 Qe3 39. Kg2 Qxd4
40. Rxd4 Kf7 41. Kf2 Ke6 0-1

[Event "I Festival B"]
[Site "Gubbio ITA"]
[Date "1999.07.28"]
[Round "2"]
[White "Niro, Michele"]
[Black "Celestini, Mauro"]
[WhiteElo "1488"]
[BlackElo "1567"]
[Result "1/2-1/2"]
[PlyCount "121"]
[EventDate "1999.07.28"]

1. e4 e6 2. d3 d5 3. Nd2 c5 4. Ngf3 Nc6 5. g3 Bd6 6. Bg2 Nge7 7. O-O O-O 8. Re1
b5 9. e5 Bc7 10. Nf1 h6 11. Bf4 Rb8 12. h4 c4 13. d4 Nf5 14. Qd2 Ba5 15. c3 b4
16. h5 Bd7 17. g4 Nh4 18. N1h2 Nxf3+ 19. Nxf3 f6 20. exf6 Qxf6 21. Bxb8 Rxb8
22. Ne5 Nxe5 23. Rxe5 bxc3 24. bxc3 Bc7 25. Re2 Ba4 26. Qe1 Re8 27. Bxd5 Qh4
28. Rxe6 Qxg4+ 29. Kf1 Qh3+ 30. Bg2 Qxe6 31. Qxe6+ Rxe6 32. Bd5 Kf7 33. Re1 Bd7
34. Bxc4 Kf6 35. Bxe6 Bxe6 36. Rxe6+ Kxe6 37. Ke2 Kf5 38. Kd3 g6 39. hxg6 Kxg6
40. Ke4 h5 41. Kf3 Kf5 42. c4 Bd8 43. c5 Be7 44. c6 Bd6 45. a3 h4 46. Kg2 Kf4
47. Kh3 Kf3 48. Kxh4 Kxf2 49. Kg4 Ke3 50. Kf5 Kxd4 51. Ke6 Bh2 52. Kd7 a5 53.
c7 Bxc7 54. Kxc7 a4 55. Kd6 Kc3 56. Kc5 Kb3 57. Kd4 Kxa3 58. Kc3 Ka2 59. Kc2 a3
60. Kc1 Kb3 61. Kb1 1/2-1/2